Every Song by Mayhem - Statistics

General Stats
  • This quiz has been taken 34 times
  • The average score is 13 of 75
Answer Stats
Album Song % Correct
Deathcrush(1987) Deathcrush
93%
De Mysteriis Dom Sathanas(1994) Freezing Moon
81%
Deathcrush(1987) Chainsaw Gutsfuck
78%
De Mysteriis Dom Sathanas(1994) De Mysteriis Dom Sathanas
59%
De Mysteriis Dom Sathanas(1994) Funeral Fog
59%
Deathcrush(1987) Necrolust
52%
De Mysteriis Dom Sathanas(1994) Pagan Fears
48%
De Mysteriis Dom Sathanas(1994) Life Eternal
41%
Deathcrush(1987) Silvester Anfang
41%
Deathcrush(1987) (Weird) Manheim
41%
Deathcrush(1987) Pure Fucking Armageddon
37%
Grand Declaration of War(2000) A Grand Declaration of War
33%
Live in Leipzig(1993) Carnage
30%
Chimera(2004) Chimera
26%
De Mysteriis Dom Sathanas(1994) Buried by Time and Dust
22%
De Mysteriis Dom Sathanas(1994) Cursed in Eternity
22%
De Mysteriis Dom Sathanas(1994) From the Dark Past
22%
Chimera(2004) My Death
22%
Chimera(2004) Rape Humanity with Pride
19%
Chimera(2004) Whore
19%
Daemon(2019) Malum
15%
Esoteric Warfare(2014) Psywar
15%
Grand Declaration of War(2000) To Daimonion (Part III of III)
15%
Grand Declaration of War(2000) To Daimonion (Part II of III)
15%
Grand Declaration of War(2000) To Daimonion (Part I of III)
15%
Deathcrush(Bonus)(1987) Untitled
15%
Grand Declaration of War(Hidden)(2000) Untitled
15%
Wolf's Lair Abyss(1997) Ancient Skin
11%
Grand Declaration of War(2000) A Time to Die
11%
Wolf's Lair Abyss(1997) I Am Thy Labyrinth
11%
Ordo Ad Chao(2008) Illuminate Eliminate
11%
Wolf's Lair Abyss(1997) Symbols of Bloodswords
11%
Grand Declaration of War(2000) View from Nihil (Part II of II)
11%
Grand Declaration of War(2000) View from Nihil (Part I of II)
11%
Esoteric Warfare(2014) Watchers
11%
Daemon(2019) Aeon Daemonium
7%
Esoteric Warfare(2014) Aion Suntelia
7%
Ordo Ad Chao(2008) Anti
7%
Ordo Ad Chao(2008) A Wise Birthgiver
7%
Daemon(2019) Bad Blood
7%
Daemon(Bonus)(2019) Black Glass Communion
7%
Grand Declaration of War(2000) Crystallized Pain in Deconstruction
7%
Chimera(2004) Dark Night of the Soul
7%
Wolf's Lair Abyss(1997) Fall of Seraphs
7%
Daemon(2019) Falsified and Hated
7%
Chimera(2004) Impious Devious Leper Lord
7%
Esoteric Warfare(2014) MILAB
7%
Esoteric Warfare(2014) Pandaemon
7%
Ordo Ad Chao(2008) Psychic Horns
7%
Chimera(2004) Slaughter of Dreams
7%
Daemon(2019) The Dying False King
7%
Wolf's Lair Abyss(1997) The Vortex Void of Inhumanity
7%
Esoteric Warfare(2014) Throne of Time
7%
Esoteric Warfare(2014) Trinity
7%
Ordo Ad Chao(2008) Wall of Water
7%
Chimera(2004) You Must Fall
7%
Daemon(2019) Agenda Ignis
4%
Grand Declaration of War(2000) Completion in Science of Agony (Part II of II)
4%
Grand Declaration of War(2000) Completion in Science of Agony (Part I of II)
4%
Esoteric Warfare(2014) Corpse of Care
4%
Daemon(2019) Daemon Spawn
4%
Ordo Ad Chao(2008) Deconsecrate
4%
Daemon(Bonus)(2019) Everlasting Dying Flame
4%
Esoteric Warfare(Bonus)(2014) From Beyond the Event Horizon
4%
Ordo Ad Chao(2008) Great Work of Ages
4%
Grand Declaration of War(2000) In the Lies Where upon You Lay
4%
Daemon(2019) Invoke the Oath
4%
Ordo Ad Chao(2008) Key to the Storms
4%
Daemon(2019) Of Worms and Ruins
4%
Esoteric Warfare(2014) Posthuman
4%
Esoteric Warfare(2014) VI.Sec.
4%
Daemon(2019) Worthless Abominations Destroyed
4%
Grand Declaration of War(2000) A Bloodsword and a Colder Sun (Part II of II)
0%
Grand Declaration of War(2000) A Bloodsword and a Colder Sun (Part I of II)
0%
Esoteric Warfare(Bonus)(2014) Into the Lifeless
0%
No matching quizzes found
Score Distribution
Percent of People with Each Score
Percentile by Number Answered
Your Score History
You have not taken this quiz